000 00318nam a22001337a 4500
008 180314b xxu||||| |||| 00| 0 eng d
020 _a9780073382685
041 _aeng
080 _27th
_a159.9
100 _a48
101 _aPSI
245 _aChild psychology a contemporary viewpoint
_cParker,R.D
942 _2udc
_cBK
999 _c44978
_d44978